| 000 | 03143cab a2200313 ab4500 | ||
|---|---|---|---|
| 005 | 20240920064129.0 | ||
| 008 | 991125c2014 sp qr p o 000 0 spa d | ||
| 035 | _aUPN01000212993 | ||
| 040 |
_aMX-MxUPN _bspa _cMX-MxUPN _eaacr2 |
||
| 049 | _aART-E | ||
| 100 | 1 | _aHerrán Izaguirre, Elena | |
| 100 | 1 | _uelena.herran@ehu.es | |
| 100 | 1 | _aOrejudo Hernández, Santos | |
| 100 | 1 | _aMorentin de Goñi, Juan Ignacio | |
| 100 | 1 | _aOrdeñana García, María Begoña | |
| 245 | 1 | 0 |
_aActitudes docentes y autonomía en Educación Infantil 0-2: _bun estudio exploratorio en la Comunidad Autónoma del País Vasco (CAPV) _h[recurso electrónico en línea] |
| 506 | 0 | _aAcceso abierto | |
| 520 | 3 | _aLa escolaridad del primer ciclo de Educación Infantil (0-3 años) en la Comunidad Autónoma del País Vasco (CAPV) ha crecido exponencialmente en los últimos 10 años. Su tasa conjunta actual es del 51,9%, lo que la sitúa como comunidad líder del Estado en escolarización temprana y plantea la necesidad de una primera estimación de su calidad educativa. Entre los indicadores de esta calidad es preciso considerar, por un lado, la autonomía infantil, por las características evolutivas del alumnado de este ciclo (bebés y niños pequeños) y, por otro lado, la importancia de las actitudes de los educadores responsables, tal y como la pedagogía Pikler-Lóczy propone y la ley recoge (RDL 1630/2006, de 29 de diciembre). No obstante, las actitudes docentes hacia la autonomía han sido escasamente investigadas al tratarse de un ámbito de intervención educativa relativamente actual y carecer de instrumentos de medida válidos y fiables. Para responder a esta necesidad se ha realizado un estudio exploratorio en tres fases utilizando una muestra de profesionales del Consorcio Haurreskolak 0-2 (N = 325): una inicial con 14 entrevistas semiestructuradas a las que se aplicó el paradigma interpretativo para la extracción de ítems, una segunda de elaboración y análisis del cuestionario piloto con 90 de los ítems extraídos y una tercera de desarrollo y validación del cuestionario definitivo CUIDANDO_0-2, de 50 ítems. Los análisis exploratorios y confirmatorios finales corroboran la existencia de seis factores (concepto de niño, papel del educador, interacción, relación con la pareja / equipo educativo, actividad diaria, sentimiento asociado) que se articulan en un modelo de educación temprana con dos niveles: intrapersonal e interpersonal. CUIDANDO_0-2 pretende ser una herramienta de evaluación que ayude a conocer y a mejorar las prácticas de aula relacionadas con la autonomía de bebés y niños pequeños. Revista de educación | |
| 650 | 4 |
_aEducación de niños _95387 |
|
| 650 | 4 |
_aCalidad de la educación _94684 |
|
| 653 | 0 | _aActitud docente | |
| 653 | 0 | _aAutonomía infantil | |
| 653 | 0 | _aFormación docente | |
| 773 |
_gp. 150-176 _tRevista de la educación _x1988-592X |
||
| 856 | 4 | _uhttp://www.mecd.gob.es/dctm/revista-de-educacion/articulos346/08l.actitudesdocentesrev.ed.365.pdf?documentId=0901e72b819f0eb9 | |
| 902 | _bLeonor Sotres/140623 | ||
| 905 | _aArticulo | ||
| 942 | _cART-E | ||
| 999 |
_c185093 _d185093 |
||